000 00400cam a22001337a 4500
008 180718b1978 xxu||||| |||| 00| 0 eng d
082 _aJ71x54 SI93
100 _aK.V. Sivaramakrishnan
245 _aIndian Urban scene
_cby K.C. Sivarakrishnan
260 _aSimla
_bIndian Insitute Of Advanced Study
_c1978
300 _avii, 152p
650 _aUrbanization -India.
650 _aCities and towns -India
999 _c409959
_d409959